000 00470nam a2200181Ia 4500
005 20250326141652.0
008 250326s9999 xx 000 0 und d
037 _aTextbook
040 _aFMSL
_beng
_cFMSL
041 _aeng
_2eng
084 _qFMSL
100 _aGanguli H C
245 0 _aIndustrial productivity and motivation
_cGanguli H C
260 _aBombay
_bBombay, Asia Pub. House
_c1961
300 _a103p
942 _cTB
999 _c1291407
_d1291407